000 00375 a2200133 4500
003 Nust
005 20170207154601.0
040 _cNust
082 _a025.34
245 _aChosing your english dialogues for lessons : Units : 21-30, side 1: units: 31-40, side 2
505 _aAlmirah No.73 shelf No.6
650 _aEnglish learning
651 _aChosing your english
655 _aDialogues for lessons
999 _c198596
_d198596